000 00900nmm a2200277 a 4500
001 ocm000607398
003 TR-IsHL
005 20201028135728.0
008 131209s2011 tu tur
007 cr cn
020 _a9786055476229
035 _a607398
_b(N$T)
050 0 4 _aPG5440.21.A65
_bD5 2011
090 0 4 _aPG5440.21.A65
_bD5 2011
100 1 _aKapitanova, Daniela
245 1 0 _aDikiz aynamdaki mezarlık
_h[electronic resource] /
_cDaniela Kapitanova ; çev. F. Bilge Atay
260 _aİstanbul :
_bAnemon Yayınları,
_c2011
300 _a183 p.
650 4 _aDil ve Edebiyat
650 4 _aLanguage and Literature
650 0 _aAlman romanı
650 0 _aGerman fiction
650 7 _aLITERARY COLLECTIONS / European / German
_2bisacsh
700 1 _aAtay, F. Bilge
856 4 0 _uhttp://search.ebscohost.com/login.aspx?direct=true&scope=site&db=e011xww&AN=607398
999 _c6901
_d6901